Stratégia konceptu udržateľnosti vo vybranom podniku bakalárska práca

Enregistré dans:
Détails bibliographiques
Auteur principal: Bohuslavová, Nicole
Collectivité auteur: Obchodná fakulta EU. Katedra marketingu
Autres auteurs: Chomová, Katarína, 1983-
Format: Livre
Langue:slovaque
Publié: Bratislava 2025
Tags: Ajouter un tag
Pas de tags, Soyez le premier à ajouter un tag!

MARC

LEADER 00000nbm a2200000 4500
001 0310984
005 20251031123303.8
041 0 |a slo 
044 |a SK 
245 1 0 |a Stratégia konceptu udržateľnosti vo vybranom podniku  |b bakalárska práca  |c Nicole Bohuslavová ; školiteľ: Katarína Chomová 
264 1 |a Bratislava  |c 2025 
300 |a 76 s. 
100 1 |a Bohuslavová, Nicole 
700 1 |a Chomová, Katarína, 1983- 
710 2 |a Obchodná fakulta EU. Katedra marketingu